000
00300nam a2200133Ia 4500
008
210312s9999||||xx |||||||||||||| ||und||
041
_a
osm
050
_a
BP70
050
_b
N33
100
_a
Muallim Naci
245
0
_a
Esami
260
_c
1892
650
_a
Din--İslam dini--Müslümanlar--Biyografi
999
_c
22060
_d
22060